| 000 | 00984cam a2200337 i 4500 | ||
|---|---|---|---|
| 999 |
_c200442100 _d60312 |
||
| 001 | 200442100 | ||
| 003 | TR-AnTOB | ||
| 005 | 20220728131934.0 | ||
| 007 | ta | ||
| 008 | 751014s1956 nyua b 001 0 eng | ||
| 010 | _a56006971 | ||
| 035 | _a(OCoLC)1700619 | ||
| 035 | _a(TR-AnTOB)200442100 | ||
| 040 |
_aDLC _beng _erda _cFQG _dEEM _dUtOrBLW _dTR-AnTOB |
||
| 041 | 0 | _aeng | |
| 050 | 0 | 4 |
_aTP149 _b.S45 1956 |
| 090 |
_aTP149 _b.S45 1956 |
||
| 100 | 1 |
_aSmith, J. M. _q(Joseph Mauk), _d1916-2009 _eauthor _9131512 |
|
| 245 | 1 | 0 |
_aChemical engineering kinetics / _cJ. M. Smith. |
| 264 | 1 |
_aNew York : _bMcGraw-Hill, _c1956. |
|
| 300 |
_a402 pages : _billustrations ; _c24 cm |
||
| 336 |
_atext _btxt _2rdacontent |
||
| 337 |
_aunmediated _bn _2rdamedia |
||
| 338 |
_avolume _bnc _2rdacarrier |
||
| 650 | 0 |
_aChemical engineering _9721 |
|
| 650 | 0 |
_aChemical kinetics _91013 |
|
| 650 | 0 |
_aThermodynamics _989238 |
|
| 942 |
_2lcc _cBK |
||